Deformation analysis of sand specimens using 3D digital image correlation for the calibration of an elasto-plastic model.

Bibliographic Details
Main Author: Song, Ahran
Other Authors: Medina-Cetina, Zenon (Thesis advisor)
Format: Thesis eBook
Language:English
Published: [College Station, Tex.] : [Texas A&M University], [2012]
Subjects:
Online Access:Link to OAK Trust copy

MARC

Tag First Indicator Second Indicator Subfields
LEADER 00000cam a2200000Ka 4500
001 in00002782003
005 20150922143807.0
006 m fo d
007 cr unu||||||||
008 121116s2012 txu obm 000 0 eng d
035 |a (OCoLC)ocn818359675 
035 |a (OCoLC)818359675 
035 |a (TxCM)http://hdl.handle.net/1969.1/ETD-TAMU-2012-08-11674 
040 |a TXA  |c TXA  |d UtOrBLW 
049 |a TXAM 
099 |a 2012  |a Dissertation  |a 1969.1/ETD-TAMU-2012-08-11674 
100 1 |a Song, Ahran. 
245 1 0 |a Deformation analysis of sand specimens using 3D digital image correlation for the calibration of an elasto-plastic model. 
264 1 |a [College Station, Tex.] :  |b [Texas A&M University],  |c [2012] 
300 |a 1 online resource. 
336 |a text  |b txt  |2 rdacontent 
337 |a computer  |b c  |2 rdamedia 
338 |a online resource  |b cr  |2 rdacarrier 
500 |a "Major Subject: Civil Engineering" 
588 |a Description from author supplied metadata (automated record created 2012-10-22 13:24:58). 
502 |b Doctor of Philosophy  |c Texas A&M University  |d 2012  |o http://hdl.handle.net/1969.1/ETD-TAMU-2012-08-11674 
504 |a Includes bibliographical references. 
516 |a Text (Dissertation) 
520 3 |a The use of Digital Image Correlation (DIC) technique has become increasingly popular for displacement measurements and for characterizing localized material deformation. In this study, a three-dimensional digital image correlation analysis (3D-DIC) was performed to investigate the displacements on the surface of isotropically consolidated and drained sand specimens during triaxial compression tests. The deformation of a representative volume of the material captured by 3D-DIC is used for the estimation of the kinematic and volumetric conditions of the specimen at different stages of deformation, combined with the readings of the global axial compression of the specimen. This allowed for the characterization of a Mohr-Coulomb plasticity model with hardening and softening laws. In addition, a two-dimensional axisymmetric finite element model was built to simulate the actual experimental conditions, including both the global and local kinematics effects captured by 3D digital image correlation analysis on the boundary of the specimen. A comparison between the axisymmetic model predictions and the experimental observations showed good agreement, for both the global and local behavior, in the case of different sand specimen configuration, including loose, dense and half-loose half-dense specimens. 
500 |a Electronic resource. 
650 4 |a Major Civil Engineering. 
653 |a Digital image correlation 
653 |a Heterogeneous media 
653 |a Local deformation 
653 |a Sand specimen 
653 |a Finite element method 
653 |a Triaxial compression test 
700 1 |a Medina-Cetina, Zenon,  |e thesis advisor. 
856 4 0 |u http://hdl.handle.net/1969.1/ETD-TAMU-2012-08-11674  |z Link to OAK Trust copy  |t 0 
994 |a C0  |b TXA 
948 |a cataloged  |b h  |c 2012/11/16  |d o  |e blrosas  |f 1:24:53 pm 
999 |a MARS 
999 f f |s a6553ed1-f172-362a-9174-2ffcd55a582c  |i d53e826f-d4bc-3191-acc1-c6e356979792  |t 0 
952 f f |a Texas A&M University  |b College Station  |c Electronic Resources  |d Available Online  |t 0  |e 2012 Dissertation 1969.1/ETD-TAMU-2012-08-11674  |h Other scheme 
998 f f |a 2012 Dissertation 1969.1/ETD-TAMU-2012-08-11674  |t 0  |l Available Online